| 000 | 01131cam a22002771i 4500 | ||
|---|---|---|---|
| 003 | SA-RiAUC | ||
| 005 | 20241124070724.0 | ||
| 008 | 241121s2013____le g 000r0 ara c | ||
| 020 | _a9786144164006 | ||
| 040 |
_aSA-JeALM _bara _cSA-RiAUC _erda |
||
| 082 | 0 | 4 |
_a258.2 _qSA-RiAUC |
| 090 |
_a258.2 _bغ ر ي |
||
| 100 | 1 |
_aالغرياني، الصادق بن عبد الرحمن، _d1942- _eمؤلف. |
|
| 245 | 1 | 0 |
_aضوابط الاجتهاد عند المالكية في فقه المعاملات / _cالصادق بن عبد الرحمن الغرياني. |
| 250 | _aالطبعة الأولى. | ||
| 264 | 1 |
_aجدة : _bالبنك الاسلامي للتنمية، _c2015 |
|
| 300 |
_a78 صفحة ؛ _c24 سم |
||
| 336 |
_aنص _btxt _2rdacontent _3كتاب |
||
| 337 |
_aبدون وسيط _bn _2rdamedia |
||
| 338 |
_aمجلد _bnc _2rdacarrier |
||
| 650 | 7 |
_aالاجتهاد (أصول فقه) _2aucsh |
|
| 650 | 7 |
_aأصول الفقه الإسلامي _xطريقة المالكية _2aucsh |
|
| 650 | _aالمعاملات ( فقه اسلامي ) | ||
| 942 |
_2ddc _cBOOK _n0 |
||
| 949 |
_aSA-JeALM _d241121 _umohamedma123 _n1 |
||
| 999 |
_c2682 _d2682 |
||